| 000 | 00552nam a2200193 a 4500 | ||
|---|---|---|---|
| 001 | 2956 | ||
| 005 | 20140414132038.0 | ||
| 008 | 051130s19uu xx 00 eng d | ||
| 020 | _a0-439-44523-X | ||
| 050 |
_aTR _bW37 2001 |
||
| 100 | _aVaughan, Marcia | ||
| 245 |
_aWe're going on a ghost hunt / _cby Marcia Vaughan ; illustrated by Ann Schweininger. |
||
| 260 |
_aNew York : _bScholastic, _c2001. |
||
| 300 | _a1 v. p. : ill. ; cm. | ||
| 650 |
_aGhosts _xFiction. |
||
| 650 |
_aScare _xFiction. |
||
| 650 | _aChildren stories. | ||
| 999 |
_c113765 _d113765 |
||